ATL internals
Saved in:
| Main Author: | |
|---|---|
| Other Authors: | |
| Format: | Book |
| Language: | English |
| Published: |
Reading, Mass. :
Harlow, England,
c1999
|
| Series: | Addison-Wesley object technology series
|
| Subjects: | |
| Tags: |
Add Tag
No Tags, Be the first to tag this record!
|
MARC
| LEADER | 00000nam a2200000 i 4500 | ||
|---|---|---|---|
| 001 | 1/4598 | ||
| 008 | 000530s1999 eng d | ||
| 020 | |a 0201695898 | ||
| 035 | |l 10061263 | ||
| 040 | |a GR-MY-UA |b gre |e aacr | ||
| 041 | 0 | |a eng | |
| 082 | 0 | |a 005.268 | |
| 100 | 1 | |a Rector, Brent. | |
| 245 | 1 | 0 | |a ATL internals / |c Brent Rector, Chris Sells |
| 260 | |a Reading, Mass. : |b Harlow, England, |c c1999 | ||
| 300 | |a xvi, 635 p.; |b ill.; |c 23 cm. | ||
| 490 | 1 | |a Addison-Wesley object technology series | |
| 630 | 0 | 0 | |a Active template library. |
| 650 | 0 | 0 | |a Application software |x Development. |
| 700 | 1 | |a Sells, Chris. | |
| 830 | 0 | |a Addison-Wesley object technology series | |
| 852 | |a INST |b SAMOS |e 20000530 |h 005.268 REC |p 005300015371 |q 005300015371 |t BK |y 0 | ||
| 901 | |a BIBL3-2000-2 | ||
| 909 | |a Σ |b 075093 | ||
| 922 | |a 3ΕΛΗ |b 200003 |c ΤΠΕΣ/ΤΑΚΤ |d ΠΑΠΑΣΩΤΗΡΙΟΥ | ||
| 970 | |a ΓΕΝΟΥΖΟΥ |b ΧΡΥΣΑΝΘΗ |z 2000/05/30 | ||